000
00295nam a22001337a 4500
008
180920b xxu||||| |||| 00| 0 eng d
020
_a
9781464192852
041
_a
eng
080
_2
9th
_a
159.9
100
_a
48
101
_a
PSI
245
_a
Abnormal Psychology
_c
Comer,R,J
942
_2
udc
_c
BK
999
_c
48104
_d
48104